Statistieken voor Top 15 landen met Covid-19 sterfgevallen - 10 november 2021

Klik hier om de quiz te nemen!

Algemene statistieken

  • Deze quiz is 4 keer genomen
  • De gemiddelde score is 9 van 25

Antwoordstatistieken

land% Correct
Frankrijk
100%
Italië
100%
Rusland
100%
Verenigde Staten
100%
Brazilië
67%
Duitsland
67%
India
67%
Verenigd Koninkrijk
67%
Argentinië
33%
Bulgarije
33%
Hongarije
33%
Mexico
33%
Peru
33%
Zuid-Afrika
33%
Bosnië en
Herzegovina
0%
Colombia
0%
Georgië
0%
Indonesië
0%
Iran
0%
Kroatië
0%
Noord-Macedonië
0%
Roemenië
0%
Slovenië
0%
Slowakije
0%
Tsjechië
0%

Scoreverdeling

Percentiel versus Aantal Correcte Antwoorden

Procent van Mensen met Elke Score

Uw Scoregeschiedenis

U heeft deze quiz nog niet genomen